| 000 | 00520nam a22001577a 4500 | ||
|---|---|---|---|
| 003 | PILC | ||
| 005 | 20150112093425.0 | ||
| 008 | 130219t xxu||||| |||| 00| 0 eng d | ||
| 020 | _a061921631X | ||
| 050 |
_aTK 5105.59 _b.W537 2006 |
||
| 082 |
_aCSF 005.8 _bW59 2006 |
||
| 245 |
_aHands-on information security lab manual/ _cMichael E. Whitman, Herbert J. Mattord, Dave M. Shackleford. |
||
| 260 |
_aBoston, Mass. _bThomson/Course Technology _c2006. |
||
| 300 |
_a431 pages : _billustration ; _c28 cm. |
||
| 942 |
_2lcc _cBK |
||
| 999 |
_c14192 _d14192 |
||